Materials developments in microelectronic packaging performance reliability proceedings of the fourth electronic materials and processing congresses (Record no. 579639)

000 -LEADER
fixed length control field 00538nam a22001697a 4500
003 - CONTROL NUMBER IDENTIFIER
control field CEME
005 - DATE AND TIME OF LATEST TRANSACTION
control field 20210628205126.0
008 - FIXED-LENGTH DATA ELEMENTS--GENERAL INFORMATION
fixed length control field 210226b xxu||||| |||| 00| 0 eng d
040 ## - CATALOGING SOURCE
Transcribing agency .
082 ## - DEWEY DECIMAL CLASSIFICATION NUMBER
Classification number 621.381 MAT'E
100 ## - MAIN ENTRY--PERSONAL NAME
Personal name Singh, Prabjit
9 (RLIN) 74063
245 ## - TITLE STATEMENT
Title Materials developments in microelectronic packaging performance reliability proceedings of the fourth electronic materials and processing congresses
260 ## - PUBLICATION, DISTRIBUTION, ETC.
Place of publication, distribution, etc. USA
Name of publisher, distributor, etc. ASM INTERNATIONAL
Date of publication, distribution, etc. 1991
300 ## - PHYSICAL DESCRIPTION
Extent XI, 403P
650 ## - SUBJECT ADDED ENTRY--TOPICAL TERM
Topical term or geographic name entry element 0-87170-435-8
9 (RLIN) 74064
942 ## - ADDED ENTRY ELEMENTS (KOHA)
Koha item type Book
Source of classification or shelving scheme
Holdings
Withdrawn status Lost status Damaged status Not for loan Permanent Location Current Location Shelving location Date acquired Total Checkouts Full call number Barcode Date last seen Price effective from Koha item type
        College of Electrical & Mechanical Engineering (CEME) College of Electrical & Mechanical Engineering (CEME) General Stacks 04/28/2017   621.381 MAT'E CEME-30527 06/28/2021 06/28/2021 Book
© 2023 Central Library, National University of Sciences and Technology. All Rights Reserved.